MARC details
| 000 -CABECERA |
| campo de control de longitud fija |
01407nam a2200325 a 4500 |
| 003 - IDENTIFICADOR DEL NÚMERO DE CONTROL |
| campo de control |
CHAP |
| 005 - FECHA Y HORA DE LA ÚLTIMA TRANSACCIÓN |
| campo de control |
20230627172527.0 |
| 007 - CAMPO FIJO DE DESCRIPCIÓN FÍSICA--INFORMACIÓN GENERAL |
| campo de control de longitud fija |
ta |
| 008 - DATOS DE LONGITUD FIJA--INFORMACIÓN GENERAL |
| campo de control de longitud fija |
230627s1970 it ao||fr|||| 001 0 spa d |
| 040 ## - FUENTE DE LA CATALOGACIÓN |
| Centro catalogador/agencia de origen |
mxchpua |
| Centro/agencia transcriptor |
CHAP |
| Normas de descripción |
rda |
| 050 10 - SIGNATURA TOPOGRÁFICA DE LA BIBLIOTECA DEL CONGRESO |
| Número de clasificación |
HD9259.C6 |
| Número de documento/Ítem |
.T45 1970 |
| 082 00 - NÚMERO DE LA CLASIFICACIÓN DECIMAL DEWEY |
| Número de clasificación |
665.355 |
| Número de documento/Ítem |
T45 1970 |
| Número de edición |
20 |
| 100 1# - ENTRADA PRINCIPAL--NOMBRE DE PERSONA |
| 9 (RLIN) |
112778 |
| Nombre de persona |
Thieme, J. G. |
| Término indicativo de función/relación |
autor |
| 245 13 - MENCIÓN DE TÍTULO |
| Título |
La industria del aceite de coco / |
| Mención de responsabilidad, etc. |
J. G. Thieme |
| 250 ## - MENCIÓN DE EDICIÓN |
| Mención de edición |
1a edición |
| 264 ## - PRODUCCIÓN, PUBLICACIÓN, DISTRIBUCIÓN, FABRICACIÓN Y COPYRIGHT |
| Producción, publicación, distribución, fabricación y copyright |
Italia : |
| Nombre del de productor, editor, distribuidor, fabricante |
FAO, |
| Fecha de producción, publicación, distribución, fabricación o copyright |
1970 |
| 300 ## - DESCRIPCIÓN FÍSICA |
| Extensión |
xvi, 267 páginas : |
| Otras características físicas |
ilustraciones, diagramas, tablas, fotos |
| 336 ## - TIPO DE CONTENIDO |
| Fuente |
rdacontent |
| Término de tipo de contenido |
texto |
| Código de tipo de contenido |
txt |
| 337 ## - TIPO DE MEDIO |
| Fuente |
rdamedia |
| Nombre/término del tipo de medio |
sin medio |
| Código del tipo de medio |
n |
| 338 ## - TIPO DE SOPORTE |
| Fuente |
rdacarrier |
| Nombre/término del tipo de soporte |
volumen |
| Código del tipo de soporte |
nc |
| 490 1# - MENCIÓN DE SERIE |
| Mención de serie |
Cuadernos de fomento agropecuario (FAO) |
| Designación de volumen o secuencia |
89 |
| 504 ## - NOTA DE BIBLIOGRAFÍA, ETC. |
| Nota de bibliografía, etc. |
Bibliografía: páginas 262-267 |
| 505 ## - NOTA DE CONTENIDO CON FORMATO |
| Información miscelánea |
1. Métodos de elaboración --<br/>2. Equipo de preparación --<br/>3. Equipo de extracción de aceite --<br/>4. Equipo para el tratamiento del aceite y la torta --<br/>5. Ejemplos de molinos de aceites rurales --<br/>6. La refinación del aceite de coco --<br/>7. Propiedades y aprovechamiento del aceite de coco--<br/>8. Propiedades y aprovechamiento de la torta de coco |
| 650 13 - PUNTO DE ACCESO ADICIONAL DE MATERIA--TÉRMINO DE MATERIA |
| 9 (RLIN) |
427 |
| Término de materia o nombre geográfico como elemento de entrada |
Aceite de coco |
| 650 13 - PUNTO DE ACCESO ADICIONAL DE MATERIA--TÉRMINO DE MATERIA |
| 9 (RLIN) |
154338 |
| Término de materia o nombre geográfico como elemento de entrada |
Industria de la grasa y el aceite |
| 650 13 - PUNTO DE ACCESO ADICIONAL DE MATERIA--TÉRMINO DE MATERIA |
| 9 (RLIN) |
161693 |
| Término de materia o nombre geográfico como elemento de entrada |
Coconut oil |
| 650 13 - PUNTO DE ACCESO ADICIONAL DE MATERIA--TÉRMINO DE MATERIA |
| 9 (RLIN) |
157566 |
| Término de materia o nombre geográfico como elemento de entrada |
Fats and oils industry |
| 830 ## - PUNTO DE ACCESO ADICIONAL DE SERIE-TÍTULO UNIFORME |
| 9 (RLIN) |
187477 |
| Título uniforme |
Cuadernos de fomento agropecuario (FAO) |
| Designación de volumen o secuencia |
89 |
| 942 ## - ELEMENTOS DE PUNTO DE ACCESO ADICIONAL (KOHA) |
| Fuente del sistema de clasificación o colocación |
Dewey Decimal Classification |
| Tipo de ítem Koha |
|